ՀՀ Գիտությունների ազգային ակադեմիայի հիմնարար գիտական գրադարան  =   Fundamental Scientific Library of NAS RA

Хайаса - колыбель армян : (Record no. 539577)

MARC details
000 -LEADER
fixed length control field 01572nam a2200313 a 4500
003 - CONTROL NUMBER IDENTIFIER
control field AM-YEHGA
005 - DATE AND TIME OF LATEST TRANSACTION
control field 20260120154132.0
008 - FIXED-LENGTH DATA ELEMENTS--GENERAL INFORMATION
fixed length control field 040601s1947 ru b|||fr|||||000|0|rus||
040 ## - CATALOGING SOURCE
Original cataloging agency AM-YEHGA
041 1# - LANGUAGE CODE
Language code of text/sound track or separate title rus
-- arm
001 - CONTROL NUMBER
control field 1318641
100 1# - MAIN ENTRY--PERSONAL NAME
Personal name Капанцян, Григорий Айвазович,
Dates associated with a name 1886-1957
245 10 - TITLE STATEMENT
Title Хайаса - колыбель армян :
Remainder of title Энтогенез армян и их начальная история /
Statement of responsibility, etc. Гр. Капанцян ; Акад. наук Арм. ССР. Ин-т истории.
246 35 - VARYING FORM OF TITLE
Title proper/short title Հայաստան - հայերի բնօրրան՝
Remainder of title Հայերի էտնոգենեզիսը և սկզբնական պատմությունը
260 ## - PUBLICATION, DISTRIBUTION, ETC.
Place of publication, distribution, etc. Ереван :
Name of publisher, distributor, etc. Изд-во АН АрмССР,
Date of publication, distribution, etc. 1947 (обл. 1948).
300 ## - PHYSICAL DESCRIPTION
Extent 290 с., 1 л. карт. ;
Dimensions 22 см.
500 ## - GENERAL NOTE
General note Капанцян, Григорий Айвазович, 1887-1957 = Ղափանցյան, Գրիգոր Այվազի, 1887-1957
500 ## - GENERAL NOTE
General note Указ. собств. имен: с. 264-87
504 ## - BIBLIOGRAPHY, ETC. NOTE
Bibliography, etc. note Библиогр. : с.261-263.
546 ## - LANGUAGE NOTE
Language note Парал. тит. л. на арм. яз
630 #7 - SUBJECT ADDED ENTRY--UNIFORM TITLE
Uniform title Հայոց պատմություն
Source of heading or term
650 14 - SUBJECT ADDED ENTRY--TOPICAL TERM
Topical term or geographic name entry element Всеобщая история
650 14 - SUBJECT ADDED ENTRY--TOPICAL TERM
Topical term or geographic name entry element История армянского народа
9 (RLIN) 5523
650 14 - SUBJECT ADDED ENTRY--TOPICAL TERM
Topical term or geographic name entry element Этногенез армян
651 #4 - SUBJECT ADDED ENTRY--GEOGRAPHIC NAME
Geographic name Армения древняя
General subdivision История
653 0# - INDEX TERM--UNCONTROLLED
Uncontrolled term Армяне - Происхождение
710 2# - ADDED ENTRY--CORPORATE NAME
Corporate name or jurisdiction name as entry element Институт истории АН Армянской ССР
942 00 - ADDED ENTRY ELEMENTS (KOHA)
Source of classification or shelving scheme Universal Decimal Classification
Koha item type Գրքեր / Books

No items available.


ՀՀ ԳԱԱ հիմնարար գիտական գրադարան
ՀՀ,Երևան 0019
Մարշալ Բաղրամյան 24/6
հեռախոս:(374-10) 52-47-50
Հետադարձ կապ

All site content, except where otherwise noted, is licensed under a
Creative Commons License